000 00772nam a2200169 a 4500
001 000039227
005 20201002031543.0
008 130611s1987 sp 000 0 spa d
020 _a8400064461
040 _aDO-SdBNP
_bspa
_cBNPHU
100 1 _aJerónimo de Santa Fe
_d1350 . 1419
_965436
245 1 3 _aEl tratado De Iudaicis erroribus ex Talmut :
_bJerónimo de Santa Fe /
_cintroducción general, estudio y análisis de las fuentes por Moises Orfalí.
260 _aMadrid :
_bConsejo Superior de Investigaciones Científicas, Instituto de Filología,
_c1987.
300 _aXIV, 218 p. ;
_c27 cm.
500 _aIncluye referencias bibliográficas y notas al pie de las páginas
710 2 _aConsejo Superior de Investigaciones Científicas, Instituto de Filología
_965437
999 _c38717
_d38717